100 premiers nombre premiers - Statistiques

Statistiques générales
  • Ce quiz a été pris 35 fois
  • Le résultat moyen est 48 sur 100
Statistiques - réponses
Réponse % Correct
11
97%
2
97%
3
97%
5
97%
7
97%
13
94%
23
94%
17
91%
19
91%
29
82%
31
82%
37
82%
47
82%
41
79%
43
79%
53
79%
59
76%
61
76%
67
76%
71
74%
73
74%
79
74%
83
74%
97
74%
89
71%
101
68%
103
65%
113
65%
107
62%
109
62%
127
62%
131
62%
137
62%
139
59%
149
59%
151
59%
157
56%
163
56%
167
56%
173
56%
179
56%
181
56%
191
56%
193
56%
197
56%
199
56%
211
53%
223
47%
227
47%
229
47%
233
47%
239
47%
241
44%
251
41%
257
41%
263
38%
269
38%
271
38%
277
38%
281
35%
283
35%
293
35%
307
32%
311
32%
313
32%
317
32%
331
32%
337
32%
347
29%
349
26%
353
26%
359
26%
367
26%
379
26%
373
24%
383
24%
389
24%
397
24%
401
24%
409
24%
419
24%
421
24%
431
21%
433
18%
439
18%
443
18%
449
18%
457
18%
461
15%
463
15%
467
15%
479
15%
487
15%
491
15%
499
15%
503
15%
509
15%
521
12%
523
12%
541
12%
Aucun quiz correspondant
Distribution des résultats
% des personnes avec chaque résultat
Percentile par nombre de réponses
Votre historique - résultats
Vous n’avez pas pris ce quiz